[Event "VI Festival A"]
[Site "Robecchetto con Induno ITA"]
[Date "1994.12.??"]
[Round "3"]
[White "Amedeo, Riccardo"]
[Black "Temi, Walter"]
[WhiteElo "1876"]
[BlackElo "2020"]
[Result "1/2-1/2"]
[PlyCount "85"]
[EventDate "1994.12.27"]

1. e4 e6 2. d4 d5 3. Nd2 Nf6 4. Bd3 c5 5. e5 Nfd7 6. c3 Nc6 7. Qg4 Nb6 8. Ngf3
cxd4 9. cxd4 Bd7 10. O-O h6 11. a4 Nb4 12. Bb1 Bxa4 13. Qh5 Be7 14. Qg4 Kf8 15.
Ra3 Rc8 16. Ne1 Rxc1 17. Rg3 g5 18. f4 Bb5 19. fxg5 Bxf1 20. gxh6 Ke8 21. Kxf1
Nc4 22. Nxc4 dxc4 23. Qg7 Kd7 24. Be4 Kc8 25. h7 Rxe1+ 26. Kxe1 Bh4 27. Qxf7
Bxg3+ 28. hxg3 Qd7 29. Qg8+ Qe8 30. Qg7 Nd5 31. g4 Qf8 32. Qg6 Nf4 33. Qg5 Nd3+
34. Bxd3 cxd3 35. Qg6 Qb4+ 36. Kd1 Qb3+ 37. Ke1 d2+ 38. Kxd2 Qxb2+ 39. Ke3 Qc3+
40. Ke2 Qc4+ 41. Ke3 Qc1+ 42. Ke2 Qb2+ 43. Ke3 1/2-1/2

[Event "VI Festival A"]
[Site "Robecchetto con Induno ITA"]
[Date "1994.12.??"]
[Round "3"]
[White "Bellini, Fabio"]
[Black "Nurkic, Sahbaz"]
[WhiteElo "2350"]
[BlackElo "2415"]
[Result "1-0"]
[PlyCount "121"]
[EventDate "1994.12.27"]

1. e4 g6 2. d4 Bg7 3. c3 d5 4. exd5 Qxd5 5. Be2 Nf6 6. Nf3 O-O 7. O-O c5 8. c4
Qd8 9. d5 b5 10. Nc3 bxc4 11. Bxc4 Nbd7 12. Be3 Rb8 13. Qe2 Ne8 14. Bg5 Bf6 15.
Bh6 Ng7 16. Ne4 Nb6 17. Bf4 Ra8 18. Rad1 Bg4 19. Bb5 Nf5 20. Bc6 Nd4 21. Nxf6+
exf6 22. Rxd4 cxd4 23. Bxa8 Qxa8 24. d6 Bxf3 25. Qxf3 Qxf3 26. gxf3 g5 27. Bg3
Rd8 28. Rd1 h5 29. h4 gxh4 30. Bh2 Nc4 31. Rxd4 Ne5 32. Bxe5 fxe5 33. Rd2 Rd7
34. Kh2 f6 35. Kh3 Kf8 36. Kxh4 Ke8 37. Kxh5 Rg7 38. d7+ Kd8 39. b4 Rg2 40. b5
f5 41. Re2 Kxd7 42. Rxe5 Rxf2 43. Rxf5 Ke6 44. Kg6 Rxa2 45. f4 Rg2+ 46. Rg5 Rf2
47. Re5+ Kd6 48. Kg5 Rh2 49. Kg6 Rh8 50. Re4 Rg8+ 51. Kf7 Rg4 52. Kf6 Rg8 53.
f5 Rf8+ 54. Kg6 Rg8+ 55. Kf7 Rg5 56. Kf6 Rg8 57. Re6+ Kc5 58. Re7 Kb6 59. Ke6
Ra8 60. f6 Kxb5 61. f7 1-0

[Event "VI Festival A"]
[Site "Robecchetto con Induno ITA"]
[Date "1994.12.??"]
[Round "3"]
[White "Cazzaniga, Walter"]
[Black "Bozzi, Gianni"]
[WhiteElo "2180"]
[BlackElo "2305"]
[Result "0-1"]
[PlyCount "56"]
[EventDate "1994.12.27"]

1. d4 d5 2. c4 e6 3. Nc3 f5 4. Nf3 Nf6 5. g3 Be7 6. Bg2 O-O 7. O-O c6 8. b3 Ne4
9. Qc2 Nd7 10. Bf4 Ndf6 11. Rad1 Bd7 12. Ne5 Be8 13. Nxe4 Nxe4 14. f3 Nd6 15.
e4 Rc8 16. Rfe1 Bh5 17. exd5 exd5 18. cxd5 cxd5 19. Qd2 Nb5 20. Rc1 a5 21. Rxc8
Qxc8 22. Qxa5 Nxd4 23. Qxd5+ Kh8 24. Kh1 Rd8 25. Nf7+ Bxf7 26. Qxf7 Bb4 27. Rc1
Nc6 28. Be5 Nxe5 0-1

[Event "VI Festival A"]
[Site "Robecchetto con Induno ITA"]
[Date "1994.12.??"]
[Round "3"]
[White "Coppini, Giorgio"]
[Black "Gaido, Paolo"]
[WhiteElo "2250"]
[BlackElo "2095"]
[Result "1-0"]
[PlyCount "47"]
[EventDate "1994.12.27"]

1. e4 d6 2. d4 Nf6 3. Nc3 g6 4. Bc4 Bg7 5. Qe2 c6 6. e5 dxe5 7. dxe5 Nd5 8. Bd2
Nxc3 9. Bxc3 O-O 10. g4 Be6 11. Bxe6 fxe6 12. Rd1 Qb6 13. Nf3 Na6 14. h4 Nc7
15. h5 Nd5 16. hxg6 hxg6 17. Ng5 Nxc3 18. bxc3 Bxe5 19. O-O Qb5 20. Qe3 Rf4 21.
Qh3 Qc4 22. Rd4 Rxd4 23. Qh7+ Kf8 24. Qf7# 1-0

[Event "VI Festival A"]
[Site "Robecchetto con Induno ITA"]
[Date "1994.12.??"]
[Round "3"]
[White "Dallaglio, Giovanni"]
[Black "Sgnaolin, Davide"]
[WhiteElo "2019"]
[BlackElo "1925"]
[Result "1/2-1/2"]
[PlyCount "78"]
[EventDate "1994.12.27"]

1. d4 d5 2. c4 e6 3. Nf3 c5 4. cxd5 exd5 5. g3 Nc6 6. Bg2 Nf6 7. O-O Be7 8. Nc3
O-O 9. Bg5 cxd4 10. Nxd4 h6 11. Be3 Re8 12. Rc1 Be6 13. Nxc6 bxc6 14. Na4 Qd7
15. Bc5 Bh3 16. Qd4 Bxg2 17. Kxg2 Bxc5 18. Nxc5 Qe7 19. e3 Rab8 20. b4 Ne4 21.
a3 Rb6 22. Rfd1 Nxc5 23. Rxc5 Qe4+ 24. Qxe4 Rxe4 25. Kf3 Ra6 26. Rd3 g6 27.
Rdc3 Re6 28. b5 cxb5 29. Rxb5 Red6 30. Rd3 Kg7 31. Ke2 Ra4 32. Rb4 Rda6 33.
Rxa4 Rxa4 34. Rxd5 Rxa3 35. Rd7 Ra2+ 36. Kf3 Kf6 37. h4 h5 38. Rb7 a5 39. Ra7
a4 1/2-1/2

[Event "VI Festival A"]
[Site "Robecchetto con Induno ITA"]
[Date "1994.12.??"]
[Round "3"]
[White "Ferretti, Folco"]
[Black "Pagnoncelli, Marco"]
[WhiteElo "2285"]
[BlackElo "1900"]
[Result "1-0"]
[PlyCount "123"]
[EventDate "1994.12.27"]

1. e4 c5 2. c3 d5 3. exd5 Qxd5 4. d4 Nf6 5. Nf3 Bg4 6. Be2 e6 7. h3 Bh5 8. Na3
Nc6 9. Be3 cxd4 10. Nb5 Rc8 11. Nbxd4 Nxd4 12. Bxd4 a6 13. O-O Be7 14. Qa4+ Qc6
15. Qxc6+ Rxc6 16. Rfe1 O-O 17. Ne5 Rcc8 18. g4 Bg6 19. Bf3 a5 20. b3 b5 21.
Nc6 Ba3 22. Na7 Rb8 23. Be5 Rbd8 24. Nxb5 Bc5 25. Bd4 Bxd4 26. Nxd4 Nd5 27. Nc6
Rd6 28. Bxd5 exd5 29. Ne7+ Kh8 30. Rad1 d4 31. Nxg6+ fxg6 32. Rxd4 Rdf6 33. f4
h5 34. gxh5 gxh5 35. Re5 g6 36. Rxa5 Rxf4 37. Rxf4 Rxf4 38. c4 Rf3 39. Kg2 Rc3
40. Rg5 Kg7 41. Kh2 Kf6 42. Rg2 Kf5 43. Rb2 Kg5 44. a4 Kh4 45. a5 Rxh3+ 46. Kg2
Rg3+ 47. Kh1 Rd3 48. a6 Kg3 49. Rb1 Kf2 50. Rb2+ Kg3 51. Rg2+ Kf3 52. a7 Rd8
53. Ra2 Kg3 54. Ra1 Ra8 55. b4 Kf2 56. Ra2+ Kf3 57. b5 g5 58. b6 g4 59. b7 Re8
60. b8=Q Re1+ 61. Kh2 g3+ 62. Qxg3+ 1-0

[Event "VI Festival A"]
[Site "Robecchetto con Induno ITA"]
[Date "1994.12.??"]
[Round "3"]
[White "Piantoni, Roberto"]
[Black "Battistella, Stefano"]
[WhiteElo "1986"]
[BlackElo "2009"]
[Result "1-0"]
[PlyCount "67"]
[EventDate "1994.12.27"]

1. d4 d5 2. Nf3 Nf6 3. e3 e6 4. Bd3 c5 5. c3 Nc6 6. Nbd2 Bd6 7. O-O O-O 8. dxc5
Bxc5 9. e4 dxe4 10. Nxe4 Be7 11. Qe2 Nxe4 12. Bxe4 Qe8 13. Re1 f5 14. Bxc6 bxc6
15. Nd4 Rf6 16. Bg5 Rg6 17. Bxe7 Qxe7 18. Nxf5 Qg5 19. Ng3 Bb7 20. Qe5 Qxe5 21.
Rxe5 Rd8 22. Rae1 Rd2 23. R5e2 Rxe2 24. Rxe2 Kf7 25. f3 Ba6 26. Re5 Bb7 27. Kf2
Rh6 28. h3 Kf6 29. Ra5 a6 30. Ne4+ Ke7 31. Nc5 Bc8 32. Nxa6 Rh4 33. Nc5 e5 34.
Ra7+ 1-0

[Event "VI Festival A"]
[Site "Robecchetto con Induno ITA"]
[Date "1994.12.??"]
[Round "3"]
[White "Zurla, Mirko"]
[Black "Vujovic, Milorad"]
[WhiteElo "2220"]
[BlackElo "2270"]
[Result "0-1"]
[PlyCount "62"]
[EventDate "1994.12.27"]

1. e4 c5 2. c3 d6 3. d4 Nf6 4. dxc5 Nc6 5. Bc4 Nxe4 6. Bxf7+ Kxf7 7. Qd5+ e6 8.
Qxe4 d5 9. Qc2 Bxc5 10. Nf3 h6 11. b4 Bd6 12. Be3 e5 13. Nbd2 Qf6 14. b5 Ne7
15. h3 Bf5 16. Qb3 Be6 17. Qa4 Rhc8 18. Rc1 Qg6 19. Ke2 Bf5 20. g4 Bd3+ 21. Kd1
a6 22. b6 Rc6 23. Nh4 Qf6 24. g5 hxg5 25. Nhf3 Rac8 26. Nxg5+ Kg8 27. Qb3 Bc4
28. Qc2 Nf5 29. Ndf3 e4 30. Nxe4 dxe4 31. Qxe4 Nxe3+ 0-1

[Event "VI Festival A"]
[Site "Robecchetto con Induno ITA"]
[Date "1994.12.??"]
[Round "4"]
[White "Battistella, Stefano"]
[Black "Amedeo, Riccardo"]
[WhiteElo "2009"]
[BlackElo "1876"]
[Result "1-0"]
[PlyCount "103"]
[EventDate "1994.12.27"]

1. b3 e5 2. c4 Nf6 3. Bb2 d6 4. g3 g6 5. Bg2 Bg7 6. d3 O-O 7. Nf3 c6 8. O-O Nh5
9. Qc2 f5 10. Nbd2 Be6 11. c5 Na6 12. cxd6 Qxd6 13. Nc4 Qc7 14. Bxe5 Bxe5 15.
Ncxe5 f4 16. d4 Nb4 17. Qc5 Na6 18. Qc3 Qe7 19. Nd3 g5 20. Nfe5 Rf6 21. Bf3 Rh6
22. Ng4 Bxg4 23. Bxg4 Nf6 24. Qc4+ Kg7 25. Bf3 Ne4 26. Qc2 Qe6 27. Bg2 Qg6 28.
Nxf4 gxf4 29. Qxe4 Qh5 30. Qe5+ Qxe5 31. dxe5 fxg3 32. hxg3 Re8 33. f4 Rg6 34.
Kf2 Nb4 35. Rfd1 Re7 36. a3 Na6 37. b4 Nc7 38. Rd2 Nb5 39. a4 Nc7 40. Rad1 Na6
41. Rd7 Kf7 42. Bf3 Rh6 43. Rxe7+ Kxe7 44. b5 Nc5 45. bxc6 bxc6 46. Rc1 Nxa4
47. Ra1 Nc3 48. Rxa7+ Ke6 49. Bg4+ Kd5 50. Rd7+ Ke4 51. e6 Nd5 52. Rxd5 1-0

[Event "VI Festival A"]
[Site "Robecchetto con Induno ITA"]
[Date "1994.12.??"]
[Round "4"]
[White "Bozzi, Gianni"]
[Black "Bellini, Fabio"]
[WhiteElo "2305"]
[BlackElo "2350"]
[Result "0-1"]
[PlyCount "26"]
[EventDate "1994.12.27"]

1. d4 Nf6 2. c4 e6 3. Nc3 d5 4. g3 dxc4 5. Qa4+ Bd7 6. Qxc4 Bc6 7. f3 a6 8. e4
b5 9. Qd3 Nbd7 10. Nh3 b4 11. Ne2 Ne5 12. Qe3 Nxf3+ 13. Kf2 Ng4+ 0-1

[Event "VI Festival A"]
[Site "Robecchetto con Induno ITA"]
[Date "1994.12.??"]
[Round "4"]
[White "Nurkic, Sahbaz"]
[Black "Piantoni, Roberto"]
[WhiteElo "2415"]
[BlackElo "1986"]
[Result "1-0"]
[PlyCount "49"]
[EventDate "1994.12.27"]

1. e4 e6 2. d4 d5 3. Nd2 dxe4 4. Nxe4 Bd7 5. Nf3 Bc6 6. Bd3 Nd7 7. O-O Ngf6 8.
Qe2 Bxe4 9. Bxe4 Nxe4 10. Qxe4 c6 11. Bf4 Be7 12. c4 O-O 13. Rfd1 Qa5 14. a3
Qh5 15. h3 Rfd8 16. Rd3 Rac8 17. Rad1 b5 18. c5 Qd5 19. Qxd5 exd5 20. Re1 Bf6
21. g4 h6 22. h4 Nf8 23. g5 hxg5 24. hxg5 Ng6 25. Bd6 1-0

[Event "VI Festival A"]
[Site "Robecchetto con Induno ITA"]
[Date "1994.12.??"]
[Round "4"]
[White "Pagnoncelli, Marco"]
[Black "Cazzaniga, Walter"]
[WhiteElo "1900"]
[BlackElo "2180"]
[Result "1-0"]
[PlyCount "81"]
[EventDate "1994.12.27"]

1. e4 c5 2. Nf3 d6 3. d4 cxd4 4. Nxd4 Nf6 5. Nc3 g6 6. Be3 Bg7 7. f3 O-O 8. Bc4
Nc6 9. Qd2 Bd7 10. O-O-O Ne5 11. Bb3 Rc8 12. h4 h5 13. g4 hxg4 14. Bg5 Rxc3 15.
Bxf6 Nxf3 16. Nxf3 Rxf3 17. Bxg7 Kxg7 18. e5 Bf5 19. h5 Rh3 20. hxg6 fxg6 21.
Rhe1 Qc7 22. exd6 exd6 23. Re2 Bd3 24. Re6 Qc5 25. Rde1 g5 26. Kb1 Bg6 27. Rxd6
Rf2 28. Qd4+ Qxd4 29. Rxd4 Rf4 30. Rd7+ Bf7 31. Rxb7 Re3 32. Rd1 g3 33. Bd5 Rd4
34. Rxf7+ Kg6 35. Rff1 Rxd1+ 36. Rxd1 Kh5 37. c4 Kg4 38. c5 Re8 39. c6 Kh3 40.
c7 g2 41. c8=Q+ 1-0

[Event "VI Festival A"]
[Site "Robecchetto con Induno ITA"]
[Date "1994.12.??"]
[Round "4"]
[White "Vujovic, Milorad"]
[Black "Coppini, Giorgio"]
[WhiteElo "2270"]
[BlackElo "2250"]
[Result "1-0"]
[PlyCount "61"]
[EventDate "1994.12.27"]

1. e4 d6 2. d4 Nf6 3. Nc3 g6 4. Bg5 Nbd7 5. f4 h6 6. Bh4 Nh5 7. f5 Ndf6 8. g4
Ng7 9. e5 dxe5 10. dxe5 Qxd1+ 11. Rxd1 Nxg4 12. Nb5 Bd7 13. Nxc7+ Kd8 14. e6
Kxc7 15. Rxd7+ Kc8 16. Bg3 Nxf5 17. Rc7+ Kd8 18. Rxb7 fxe6 19. Bb5 Nxg3 20.
hxg3 Ne5 21. Ne2 a6 22. Ba4 Kc8 23. Rb6 Nf7 24. Rh4 Nd6 25. Rc6+ Kb7 26. Rb4+
Nb5 27. Rxe6 Kc7 28. c4 Nd6 29. c5 Nb5 30. Nd4 Kd7 31. Rd6+ 1-0

[Event "VI Festival A"]
[Site "Robecchetto con Induno ITA"]
[Date "1994.12.??"]
[Round "4"]
[White "Zurla, Mirko"]
[Black "Ferretti, Folco"]
[WhiteElo "2220"]
[BlackElo "2285"]
[Result "0-1"]
[PlyCount "114"]
[EventDate "1994.12.27"]

1. e4 Nf6 2. e5 Nd5 3. d4 d6 4. Nf3 c6 5. Be2 dxe5 6. Nxe5 Nd7 7. Nf3 g6 8. c4
Nc7 9. O-O Bg7 10. Be3 O-O 11. Nc3 b6 12. Qd2 Bb7 13. Bh6 Ne8 14. Rad1 Ndf6 15.
h3 Nd6 16. Bxg7 Kxg7 17. Rfe1 Rc8 18. Ne5 c5 19. b3 Qc7 20. Bf3 Rcd8 21. Bxb7
Qxb7 22. d5 Nf5 23. Nc6 Rd7 24. g4 Nd6 25. Qf4 b5 26. cxb5 Nxb5 27. Nxb5 Qxb5
28. Rxe7 Rxe7 29. Nxe7 Qe2 30. Qd2 Qxe7 31. d6 Qe5 32. Re1 Qd4 33. Qxd4 cxd4
34. Rd1 Rd8 35. Rxd4 Rd7 36. Kg2 Ne8 37. Kf3 Rxd6 38. Ke4 Ra6 39. a4 Kf8 40.
Kd5 Rd6+ 41. Kc5 Rxd4 42. Kxd4 Ke7 43. Kc5 Kd7 44. b4 Nd6 45. f3 f5 46. Kd5 h6
47. h4 fxg4 48. fxg4 Ne8 49. Ke5 Ke7 50. b5 Nf6 51. g5 hxg5 52. hxg5 Nd7+ 53.
Kd4 Ke6 54. Kc4 Kd6 55. Kb4 Ne5 56. a5 Nf7 57. a6 Kc7 0-1

[Event "VI Festival A"]
[Site "Robecchetto con Induno ITA"]
[Date "1994.12.??"]
[Round "5"]
[White "Bellini, Fabio"]
[Black "Ferretti, Folco"]
[WhiteElo "2350"]
[BlackElo "2285"]
[Result "1-0"]
[PlyCount "93"]
[EventDate "1994.12.27"]

1. e4 Nf6 2. Nc3 e5 3. Nf3 Nc6 4. d4 Bb4 5. Nxe5 Nxe4 6. Qg4 Nxc3 7. Qxg7 Rf8
8. a3 Ba5 9. Nxc6 dxc6 10. Qe5+ Qe7 11. Qxe7+ Kxe7 12. Bd2 Bf5 13. bxc3 Bxc2
14. c4 Bxd2+ 15. Kxd2 Bf5 16. Be2 Rad8 17. Kc3 Rg8 18. Bf3 Rd6 19. Rhe1+ Kd8
20. Re5 Bd7 21. Rb1 b6 22. Rbe1 Rh6 23. h3 Rf6 24. R1e3 h6 25. Rh5 Rg5 26. Re5
Rxh5 27. Rxh5 Ke7 28. c5 Kf8 29. Kd3 Kg7 30. Re5 Kf8 31. Ke3 b5 32. Be4 Re6 33.
Rxe6 fxe6 34. Kf4 a5 35. Bc2 Kg7 36. Ke5 b4 37. axb4 axb4 38. f4 Bc8 39. g4 Bd7
40. h4 Bc8 41. h5 Ba6 42. Kxe6 Bc8+ 43. Ke7 Bxg4 44. f5 Bxh5 45. f6+ Kh8 46.
Bd1 Bg6 47. f7 1-0

[Event "VI Festival A"]
[Site "Robecchetto con Induno ITA"]
[Date "1994.12.??"]
[Round "5"]
[White "Cazzaniga, Walter"]
[Black "Battistella, Stefano"]
[WhiteElo "2180"]
[BlackElo "2009"]
[Result "0-1"]
[PlyCount "104"]
[EventDate "1994.12.27"]

1. d4 e6 2. c4 b6 3. Nf3 Bb7 4. Nc3 Nf6 5. Bg5 Bb4 6. Qb3 Be7 7. e3 Ne4 8. Bxe7
Qxe7 9. Bd3 Nxc3 10. Qxc3 f5 11. O-O-O O-O 12. Bb1 Be4 13. Rhg1 Na6 14. a3 c5
15. d5 exd5 16. cxd5 d6 17. Nd2 Nc7 18. Bxe4 fxe4 19. f3 Nxd5 20. Qb3 Qf7 21.
Nxe4 c4 22. Qxc4 Nxe3 23. Qxf7+ Rxf7 24. Rxd6 Nc4 25. Rd4 Na5 26. Rgd1 Nc6 27.
Rd6 Ne5 28. Rd8+ Rf8 29. Rxa8 Rxa8 30. Rd5 Re8 31. b3 h6 32. a4 Nc6 33. Kb2 Re7
34. Kc3 Rc7 35. Kd2 Kf7 36. Ke3 Nb4 37. Rb5 Nc2+ 38. Kf4 g5+ 39. Kg3 Nd4 40.
Rb4 Nf5+ 41. Kg4 Kg6 42. g3 Rc2 43. h4 Ne3+ 44. Kh3 Nf1 45. h5+ Kxh5 46. Nf6+
Kg6 47. Ng4 h5 48. f4 hxg4+ 49. Kxg4 Nh2+ 50. Kh3 g4+ 51. Kh4 Rc8 52. f5+ Kf6
0-1

[Event "VI Festival A"]
[Site "Robecchetto con Induno ITA"]
[Date "1994.12.??"]
[Round "5"]
[White "Coppini, Giorgio"]
[Black "Bozzi, Gianni"]
[WhiteElo "2250"]
[BlackElo "2305"]
[Result "1-0"]
[PlyCount "61"]
[EventDate "1994.12.27"]

1. e4 Nf6 2. e5 Nd5 3. d4 d6 4. Nf3 g6 5. Bc4 Nb6 6. Bb3 Bg7 7. a4 a5 8. Ng5 d5
9. f4 f6 10. Nf3 Nc6 11. O-O Bg4 12. exf6 Bxf6 13. c3 Qd7 14. Nbd2 O-O-O 15. h3
Bf5 16. Qe2 h5 17. Bd1 Qe6 18. Qf2 Qf7 19. Be2 Rdf8 20. Bb5 Na7 21. Nb3 Nxb5
22. axb5 Bd3 23. Rd1 Bxb5 24. Nxa5 Qe6 25. Re1 Qd7 26. Nb3 Qd6 27. Nc5 Bd7 28.
b3 c6 29. Ra7 Bf5 30. Rxb7 Nd7 31. Qa2 1-0

[Event "VI Festival A"]
[Site "Robecchetto con Induno ITA"]
[Date "1994.12.??"]
[Round "5"]
[White "Dallaglio, Giovanni"]
[Black "Temi, Walter"]
[WhiteElo "2019"]
[BlackElo "2020"]
[Result "1/2-1/2"]
[PlyCount "87"]
[EventDate "1994.12.27"]

1. d4 Nf6 2. c4 g6 3. Nc3 d5 4. cxd5 Nxd5 5. e4 Nxc3 6. bxc3 Bg7 7. Nf3 c5 8.
Rb1 O-O 9. Be2 b6 10. O-O Bb7 11. Qd3 Ba6 12. Qe3 Bxe2 13. Qxe2 cxd4 14. cxd4
Nc6 15. d5 Na5 16. Be3 Qd7 17. Rbc1 Rfc8 18. Rxc8+ Rxc8 19. Rc1 Rxc1+ 20. Bxc1
Qa4 21. e5 Qc4 22. Qxc4 Nxc4 23. Bf4 h6 24. h4 Kf8 25. Kf1 g5 26. hxg5 hxg5 27.
Bxg5 Bxe5 28. Nxe5 Nxe5 29. Ke2 Ke8 30. Ke3 Ng6 31. Ke4 Kd7 32. f4 Kd6 33. f5
Nf8 34. Bc1 Nh7 35. Ba3+ Kd7 36. Ke5 f6+ 37. Kd4 Ng5 38. Bb4 Nf7 39. a4 Nd6 40.
g4 Nf7 41. Bd2 a6 42. Bf4 Nd6 43. Bd2 Nf7 44. Bf4 1/2-1/2

[Event "VI Festival A"]
[Site "Robecchetto con Induno ITA"]
[Date "1994.12.??"]
[Round "5"]
[White "Piantoni, Roberto"]
[Black "Gaido, Paolo"]
[WhiteElo "1986"]
[BlackElo "2095"]
[Result "1/2-1/2"]
[PlyCount "24"]
[EventDate "1994.12.27"]

1. d4 Nf6 2. Nf3 g6 3. e3 Bg7 4. Be2 d6 5. O-O O-O 6. c4 Nbd7 7. Nc3 c6 8. b4
e5 9. Qc2 exd4 10. exd4 d5 11. c5 a5 12. b5 Ne4 1/2-1/2

[Event "VI Festival A"]
[Site "Robecchetto con Induno ITA"]
[Date "1994.12.??"]
[Round "5"]
[White "Rossi, Giampiero"]
[Black "Pagnoncelli, Marco"]
[WhiteElo "2205"]
[BlackElo "1900"]
[Result "0-1"]
[PlyCount "88"]
[EventDate "1994.12.27"]

1. d4 Nf6 2. c4 c5 3. dxc5 e6 4. Nc3 Bxc5 5. Nf3 Nc6 6. a3 d5 7. b4 Be7 8. e3
O-O 9. Bb2 a6 10. cxd5 Nxd5 11. Nxd5 Qxd5 12. Qxd5 exd5 13. Be2 Be6 14. O-O
Rac8 15. Rac1 Bd6 16. Rfd1 Bb8 17. h3 f6 18. Nd4 Nxd4 19. Bxd4 Be5 20. Rxc8
Rxc8 21. Bf3 Rd8 22. Kf1 Kf7 23. Bxe5 fxe5 24. Rc1 Ke7 25. Ke1 Kd6 26. h4 Rc8
27. Rxc8 Bxc8 28. Kd2 Be6 29. Kc3 Kc6 30. Be2 Kb6 31. g3 Kc6 32. f4 Kd6 33. a4
Bd7 34. a5 Be8 35. b5 axb5 36. Kb4 e4 37. g4 Bd7 38. g5 d4 39. exd4 Kd5 40. f5
Bxf5 41. Kxb5 Kxd4 42. Kb6 Ke3 43. Bb5 Kf2 44. Kxb7 e3 0-1

[Event "VI Festival A"]
[Site "Robecchetto con Induno ITA"]
[Date "1994.12.??"]
[Round "5"]
[White "Vujovic, Milorad"]
[Black "Nurkic, Sahbaz"]
[WhiteElo "2270"]
[BlackElo "2415"]
[Result "1-0"]
[PlyCount "69"]
[EventDate "1994.12.27"]

1. e4 g6 2. Bc4 Bg7 3. Nf3 d6 4. c3 Nf6 5. Qe2 O-O 6. d4 Bg4 7. h3 Bxf3 8. Qxf3
e5 9. dxe5 dxe5 10. O-O Nbd7 11. Rd1 Qe7 12. b3 Nb6 13. Ba3 c5 14. Nd2 Qc7 15.
Qe3 Rac8 16. Be2 Qc6 17. Nc4 Nxc4 18. Bxc4 Nxe4 19. Rd5 b5 20. Qxe4 bxc4 21.
Qxc4 Qe6 22. Rad1 e4 23. Bxc5 Rfe8 24. Kh1 a5 25. b4 axb4 26. cxb4 Bf8 27. Qb3
Bxc5 28. bxc5 Rb8 29. Qc3 Ra8 30. c6 Rac8 31. c7 Qb6 32. Rd7 Qxf2 33. Rd8 Qb6
34. Rxe8+ Rxe8 35. c8=Q 1-0

[Event "VI Festival A"]
[Site "Robecchetto con Induno ITA"]
[Date "1994.12.??"]
[Round "6"]
[White "Battistella, Stefano"]
[Black "Zurla, Mirko"]
[WhiteElo "2009"]
[BlackElo "2220"]
[Result "1-0"]
[PlyCount "105"]
[EventDate "1994.12.27"]

1. b3 d5 2. Bb2 Bg4 3. Nf3 e6 4. e3 Nf6 5. d3 Nbd7 6. Nbd2 Bd6 7. h3 Bxf3 8.
Qxf3 Qe7 9. a3 c6 10. g4 h6 11. Rg1 Be5 12. c3 O-O-O 13. Qd1 Bc7 14. b4 e5 15.
Qb3 Nb6 16. a4 d4 17. c4 e4 18. Bxd4 exd3 19. O-O-O Be5 20. Bc5 Qe6 21. Bxd3
Rxd3 22. Qxd3 Nxa4 23. Qf5 Rd8 24. Be7 Rd7 25. Qxe6 fxe6 26. Bxf6 Bxf6 27. Ne4
Be7 28. Rxd7 Kxd7 29. Rd1+ Kc7 30. c5 b6 31. Kc2 b5 32. Kb3 a5 33. Nd6 axb4 34.
Kxb4 e5 35. Rd2 g5 36. f3 Nxc5 37. Kxc5 Bf8 38. Rd3 Be7 39. Rd2 Bf8 40. Rd1 Be7
41. Rd3 Bf8 42. f4 gxf4 43. exf4 exf4 44. h4 f3 45. Rxf3 Bxd6+ 46. Kd4 Be7 47.
Rf7 Kd6 48. Rh7 Bf8 49. g5 hxg5 50. hxg5 c5+ 51. Ke4 Ke6 52. g6 Bd6 53. Rd7 1-0

[Event "VI Festival A"]
[Site "Robecchetto con Induno ITA"]
[Date "1994.12.??"]
[Round "6"]
[White "Bozzi, Gianni"]
[Black "Piantoni, Roberto"]
[WhiteElo "2305"]
[BlackElo "1986"]
[Result "1/2-1/2"]
[PlyCount "31"]
[EventDate "1994.12.27"]

1. c4 e5 2. Nc3 d6 3. d4 exd4 4. Qxd4 Nc6 5. Qd2 Nf6 6. g3 Be6 7. Nd5 Ne5 8. b3
Ne4 9. Qe3 c6 10. Qxe4 cxd5 11. cxd5 Qa5+ 12. Bd2 Qxd5 13. Bg2 Qxe4 14. Bxe4 d5
15. Bg2 Be7 16. Nh3 1/2-1/2

[Event "VI Festival A"]
[Site "Robecchetto con Induno ITA"]
[Date "1994.12.??"]
[Round "6"]
[White "Ferretti, Folco"]
[Black "Vujovic, Milorad"]
[WhiteElo "2285"]
[BlackElo "2270"]
[Result "0-1"]
[PlyCount "77"]
[EventDate "1994.12.27"]

1. e4 c5 2. c3 d6 3. d4 Nf6 4. Bd3 Nc6 5. Nf3 Bg4 6. d5 Bxf3 7. Qxf3 Ne5 8.
Bb5+ Nfd7 9. Qe2 a6 10. Ba4 c4 11. Bc2 Nc5 12. O-O g6 13. f4 Ncd3 14. b4 Nxc1
15. Rxc1 Nd7 16. Qxc4 Bg7 17. Qd3 Rc8 18. a4 O-O 19. Bb3 Qb6+ 20. Kf1 Qxb4 21.
cxb4 Rxc1+ 22. Ke2 Bxa1 23. a5 Rfc8 24. e5 dxe5 25. d6 exd6 26. Qxd6 R1c7 27.
Nd2 exf4 28. Qxf4 Ne5 29. Ne4 Nc6 30. Nf6+ Kg7 31. Nd5 Rd7 32. Kf1 Rcd8 33. Nb6
Be5 34. Qc4 Re7 35. Nd5 Re6 36. g3 Nd4 37. Ba4 Nf5 38. Kf2 Red6 39. Bb3 0-1

[Event "VI Festival A"]
[Site "Robecchetto con Induno ITA"]
[Date "1994.12.??"]
[Round "6"]
[White "Nurkic, Sahbaz"]
[Black "Coppini, Giorgio"]
[WhiteElo "2415"]
[BlackElo "2250"]
[Result "1-0"]
[PlyCount "57"]
[EventDate "1994.12.27"]

1. e4 d6 2. d4 Nf6 3. Nc3 g6 4. f4 Bg7 5. e5 Nfd7 6. Nf3 c5 7. exd6 O-O 8. dxe7
Qxe7+ 9. Qe2 Re8 10. Qxe7 Rxe7+ 11. Kf2 Nb6 12. dxc5 Bxc3 13. cxb6 Ba5 14. Be3
Nd7 15. Rd1 Nxb6 16. Rd8+ Kg7 17. Bc5 Re4 18. Bd4+ f6 19. Bd3 Rxf4 20. Be3 Ra4
21. Rd1 Rxa2 22. Kf1 Rxb2 23. Bd4 Rb4 24. c3 Rb2 25. Rd6 Nd7 26. Re1 Kf8 27.
Rde6 Ne5 28. Rxf6+ Nf7 29. Ng5 1-0

[Event "VI Festival A"]
[Site "Robecchetto con Induno ITA"]
[Date "1994.12.??"]
[Round "6"]
[White "Pagnoncelli, Marco"]
[Black "Bellini, Fabio"]
[WhiteElo "1900"]
[BlackElo "2350"]
[Result "0-1"]
[PlyCount "116"]
[EventDate "1994.12.27"]

1. e4 e6 2. d4 d5 3. exd5 exd5 4. Nf3 Bd6 5. c4 dxc4 6. Bxc4 Nf6 7. Qe2+ Qe7 8.
Qxe7+ Bxe7 9. O-O O-O 10. Nc3 a6 11. Bf4 b5 12. Bb3 Bd6 13. Bxd6 cxd6 14. Rfe1
Bb7 15. Ng5 Nc6 16. Rad1 h6 17. Nge4 Nxe4 18. Nxe4 Rfd8 19. Nc3 Kf8 20. Kf1
Rac8 21. Re3 Na5 22. Rde1 Nxb3 23. axb3 b4 24. Na4 Rc2 25. R3e2 Rdc8 26. f3
Rxe2 27. Rxe2 Rc1+ 28. Kf2 Bc6 29. Nb6 Rd1 30. Ke3 Bb5 31. Rd2 Re1+ 32. Kf2 Rc1
33. Nd5 a5 34. Ne3 g6 35. Rc2 Rxc2+ 36. Nxc2 Ke7 37. Ne3 Ke6 38. Ke1 f5 39. f4
Bc6 40. Kd2 g5 41. g3 gxf4 42. gxf4 Be4 43. Nc4 Kd5 44. Ke3 a4 45. Nb6+ Kc6 46.
Nc4 Bd5 47. Kd3 Bg2 48. Kc2 Be4+ 49. Kd2 Kd5 50. Nb6+ Kxd4 51. bxa4 Bb7 52. b3
Ke4 53. Nc4 Kxf4 54. Nxd6 Ba6 55. Nb5 Ke5 56. Nc7 Bb7 57. a5 Kd6 58. a6 Bc6 0-1

[Event "VI Festival A"]
[Site "Robecchetto con Induno ITA"]
[Date "1994.12.??"]
[Round "6"]
[White "Sgnaolin, Davide"]
[Black "Rossi, Giampiero"]
[WhiteElo "1925"]
[BlackElo "2205"]
[Result "0-1"]
[PlyCount "91"]
[EventDate "1994.12.27"]

1. e4 c5 2. Nf3 e6 3. Nc3 a6 4. d4 cxd4 5. Nxd4 Qc7 6. g3 Nf6 7. Bg2 Be7 8. O-O
O-O 9. Re1 d6 10. a4 Bd7 11. a5 Nc6 12. Nxc6 Bxc6 13. Be3 Rfe8 14. f4 Rec8 15.
g4 Bf8 16. g5 Nd7 17. h4 g6 18. h5 Bg7 19. hxg6 hxg6 20. Qd2 b5 21. axb6 Nxb6
22. Bf1 Bb7 23. Bd3 Nc4 24. Bxc4 Qxc4 25. Ra3 Bxc3 26. Rxc3 Qxe4 27. Qh2 Rxc3
28. bxc3 Kf8 29. Bf2 Qf3 30. Kf1 Qxc3 31. f5 Qc4+ 32. Re2 gxf5 33. Qxd6+ Kg8
34. Qd4 Qd5 35. Qxd5 Bxd5 36. Ke1 Bc4 37. Re5 Rc8 38. Bd4 Kf8 39. c3 Ke8 40.
Kf2 Kd7 41. Re1 Bd5 42. Ra1 Rc6 43. Ke3 Bc4 44. Kf4 Rd6 45. Ke5 Rd5+ 46. Kf6
0-1